Statistics for One-Letter Element Symbols

Click here to take the quiz!

General Stats

  • This quiz has been taken 68 times
    (32 since last reset)
  • The average score is 9 of 14

Answer Stats

SymbolElement% Correct
HHydrogen
100%
NNitrogen
92%
CCarbon
88%
OOxygen
88%
BBoron
80%
KPotassium
76%
SSulfur
68%
FFluorine
60%
UUranium
60%
IIodine
48%
YYttrium
40%
WTungsten
36%
VVanadium
36%
PPhosphorous
16%

Score Distribution

Percentile by Number Answered

Percent of People with Each Score

Your Score History

You have not taken this quiz since the last reset